000 00317nam a2200121Ia 4500
008 240731s9999 xx 000 0 und d
022 _a2230-6153
245 0 _aNanobiosensors in Disease Diagnosis
260 _bDove Medical Press
856 _uhttps://www.tandfonline.com/loi/dndd20
942 _2ddc
942 _cTFEJ
999 _c78659
_d78659
945 _a1
_bMadushi Gamage
_c1
_dMadushi Gamage